000 00294nam a22001337a 4500
008 170816b xxu||||| |||| 00| 0 eng d
020 _a0030549884
041 _aeng
080 _a51
100 _a36
101 _aMAT
245 _aTHE MATHEMATICAL PALETTE
_cBRANDSHAW.S
942 _2udc
_cBK
999 _c23728
_d23728